| 000 | 00000nam##2200000za#4500 |
| 001 | 9.641802 |
| 003 | CaOODSP |
| 005 | 20210624223408 |
| 007 | cr ||||||||||| |
| 008 | 150407|2001||||xxc|||||o f|0| 0 fre|d |
| 040 | |aCaOODSP|bfre |
| 043 | |an-cn--- |
| 086 | 1 |aSE1-5/1-2000-1F-PDF |
| 110 | 1 |aCanada.|bÉlections Canada. |bDirecteur général des élections du Canada. |
| 245 | 10|aModerniser le processus électoral : |h[ressource électronique]|brecommandations du directeur général des élections du Canada à la suite de la 37e élection générale |
| 260 | |aOttawa - Ontario : |bÉlections Canada. |c[2001]. |
| 300 | |a179p. |
| 500 | |aDonnées de catalogage avant publication (Canada) imprimées dans cette publication. |
| 590 | |a13-12-Supp|b2013-05-10 |
| 691 | 07|aSystème électoral|2gcpds |
| 691 | 07|aÉlections|2gcpds |
| 775 | 08|tModernizing the electoral process : |w(CaOODSP)9.697800 |
| 776 | 0#|tModernizing the electoral process : |w(CaOODSP)9.663099 |
| 776 | 0#|tModerniser le processus électoral : |w(CaOODSP)9.663100 |
| 856 | 40|ahttp://publications.gc.ca|qPDF|s569 Ko|uhttps://publications.gc.ca/collections/Collection/SE1-5-1-2000-1F.pdf |